[Event "Politiken Cup"]
[Site "Copenhagen"]
[Date "2006.07.25"]
[Round "4.123"]
[White "Forså, Elise"]
[Black "Kristensen, Steffen Michael"]
[Result "1-0"]
[WhiteElo "1020"]
[BlackElo "1319"]
[PlyCount "43"]
[EventDate "2006.??.??"]

1. e4 e5 2. Nf3 Nc6 3. d4 exd4 4. Bc4 Bb4+ 5. c3 dxc3 6. bxc3 Bc5 7. Bxf7+ Kxf7
8. Qd5+ Kf8 9. Qxc5+ d6 10. Qe3 Qf6 11. Nbd2 Nb4 12. Nd4 c5 13. cxb4 cxd4 14.
Qd3 Ne7 15. Bb2 Nc6 16. a3 a6 17. Nb3 Be6 18. Nxd4 Ne5 19. Nxe6+ Qxe6 20. Bxe5
Qxe5 21. Rd1 Ke7 22. O-O 1-0

[Event "Politiken Cup"]
[Site "Copenhagen"]
[Date "2006.07.25"]
[Round "4.124"]
[White "Jensen, Frederik Jessin"]
[Black "Nielsen, Bjørn"]
[Result "1/2-1/2"]
[WhiteElo "1317"]
[BlackElo "1090"]
[PlyCount "140"]
[EventDate "2006.??.??"]

1. d4 d5 2. Bf4 Nf6 3. Nf3 Bf5 4. e3 e6 5. Bd3 Bg4 6. Nbd2 Bd6 7. Bg3 O-O 8. c3
Nbd7 9. Qc2 g6 10. Ne5 Nh5 11. Nef3 Nxg3 12. hxg3 Bf5 13. e4 dxe4 14. Nxe4 Be7
15. Nh4 c5 16. Nxf5 exf5 17. Nd2 cxd4 18. cxd4 Re8 19. O-O Rc8 20. Qb3 Rc7 21.
Bc4 Rf8 22. Rfe1 Nb6 23. Bf1 Qxd4 24. Nf3 Qd5 25. Qe3 Bf6 26. Red1 Qe4 27. Qb3
Qc2 28. Qb4 Qxb2 29. Qd6 Rc6 30. Qd3 Qc2 31. Qxc2 Rxc2 32. Rdc1 Bxa1 33. Rxc2
Rd8 34. Rc7 Rd7 35. Rc5 Bg7 36. Bb5 Rd1+ 37. Kh2 Rd5 38. Rxd5 Nxd5 39. Bc4 Nc3
40. Ng5 Kf8 41. Bxf7 Ne4 42. Nxe4 Kxf7 43. Nd6+ Ke6 44. Nxb7 Kd5 45. Na5 Kc5
46. a4 a6 47. Nb7+ Kb6 48. Nd8 a5 49. Kh3 Bh6 50. Kh4 Bd2 51. Ne6 h6 52. g4
fxg4 53. Kxg4 Kc6 54. Nd4+ Kd5 55. Nb3 Bb4 56. f4 Kc4 57. Nxa5+ Bxa5 58. f5
gxf5+ 59. Kxf5 Bd2 60. g4 Kb4 61. Kg6 Kxa4 62. Kh5 Bg5 63. Kg6 Kb4 64. Kf5 Kc4
65. Ke4 Kc3 66. Kf3 Kd3 67. Kg3 Ke3 68. Kg2 Ke2 69. Kg1 Kf3 70. Kh2 Kxg4
1/2-1/2

[Event "Politiken Cup"]
[Site "Copenhagen"]
[Date "2006.07.25"]
[Round "4.125"]
[White "Holmen, Halfdan"]
[Black "Jensen, Jan Erik"]
[Result "0-1"]
[WhiteElo "1000"]
[BlackElo "1304"]
[PlyCount "52"]
[EventDate "2006.??.??"]

1. e4 c5 2. Nc3 d6 3. Bb5+ Bd7 4. Bxd7+ Nxd7 5. Nf3 g6 6. O-O Bg7 7. d3 Bxc3 8.
bxc3 Qc7 9. Re1 O-O-O 10. d4 Kb8 11. e5 dxe5 12. Nxe5 Nxe5 13. Rxe5 Qxe5 14. g3
Qd5 15. Bf4+ Ka8 16. Rb1 cxd4 17. c4 Qxc4 18. Qf3 Qd5 19. Qd3 Nf6 20. c4 Qe4
21. Qb3 d3 22. Rb2 Rd7 23. c5 Rhd8 24. Qc3 Nd5 25. Qd2 Nxf4 26. gxf4 Qc4 0-1

[Event "Politiken Cup"]
[Site "Copenhagen"]
[Date "2006.07.25"]
[Round "4.126"]
[White "Christensen, Casper"]
[Black "Thingstad, Tormod"]
[Result "1-0"]
[WhiteElo "1252"]
[BlackElo "1000"]
[PlyCount "175"]
[EventDate "2006.??.??"]

1. d4 d5 2. Bf4 e6 3. a3 Nf6 4. Nf3 Be7 5. Nc3 O-O 6. e3 Nbd7 7. Nb5 c6 8. Nc3
Nh5 9. Bg3 Nxg3 10. hxg3 b6 11. Bd3 h6 12. Nd2 c5 13. Na2 Bb7 14. c3 Rc8 15. f4
f5 16. Kf2 Nf6 17. Be2 a5 18. g4 cxd4 19. cxd4 Qe8 20. Nc3 Qg6 21. gxf5 exf5
22. Bh5 Nxh5 23. Rxh5 Bc6 24. Rh3 Rf6 25. Rg3 Qf7 26. Qf3 Rd8 27. Rh1 Rg6 28.
Rhh3 Rdd6 29. Kg1 Rxg3 30. Qxg3 Rg6 31. Qf2 Rg4 32. Nf3 Bf6 33. Ne2 Bb5 34. Ng3
Bd3 35. Nh5 Be4 36. Rh2 Bd8 37. Ne5 Rxg2+ 38. Rxg2 Qxh5 39. Rh2 Qd1+ 40. Qf1
Qa4 41. Nf3 Qe8 42. Qf2 Bf6 43. Qg3 Kh7 44. Ng5+ Bxg5 45. Qxg5 Qg6 46. Qxg6+
Kxg6 47. b4 a4 48. Rh3 b5 49. Kf2 Bd3 50. Rh1 h5 51. Ke1 Kh6 52. Kd2 Be4 53.
Rh2 g6 54. Ke1 Kg7 55. Kf2 Kh6 56. Kg3 Kh7 57. Rd2 Kg7 58. Rd1 Kh7 59. Rc1 Bd3
60. Rc6 Kg7 61. Kh4 Kh6 62. Rd6 Be4 63. Ra6 Bd3 64. Ra8 Be4 65. Kg3 Bd3 66. Kf2
Be4 67. Ke2 Bc2 68. Rb8 h4 69. Rh8+ Kg7 70. Rxh4 Bb3 71. Kf2 Bc2 72. Kg3 Bd1
73. Rh1 Bb3 74. Re1 Bc4 75. Rc1 Kf7 76. Kh4 Kg7 77. Kg5 Kf7 78. Rh1 Be2 79.
Rh7+ Ke6 80. Kxg6 Bg4 81. Rh8 Ke7 82. Rb8 Be2 83. Kxf5 Bd3+ 84. Ke5 Bc4 85. f5
Kd7 86. f6 Kc7 87. Rh8 Kd7 88. f7 1-0

[Event "Politiken Cup"]
[Site "Copenhagen"]
[Date "2006.07.25"]
[Round "4.127"]
[White "Mossiaguine, Arina"]
[Black "Tofte, Anders"]
[Result "0-1"]
[WhiteElo "1200"]
[BlackElo "1000"]
[PlyCount "68"]
[EventDate "2006.??.??"]

1. d4 d5 2. Bf4 c5 3. e3 Qb6 4. Nd2 Nc6 5. Nb3 c4 6. Nc5 Bf5 7. b3 cxb3 8. axb3
e6 9. Nf3 Bxc5 10. dxc5 Qxc5 11. Bd3 Nf6 12. Bxf5 exf5 13. Qd2 O-O 14. O-O Rad8
15. Nd4 Ne4 16. Qd3 Nxd4 17. exd4 Qb6 18. f3 g5 19. Bg3 Nxg3 20. hxg3 a6 21. f4
g4 22. Rfd1 Rfe8 23. Qxf5 Re4 24. Qxg4+ Kf8 25. c3 Qxb3 26. Rac1 Re3 27. Kf2
Rxc3 28. Qh5 Rxc1 29. Rxc1 Qb2+ 30. Kf3 Qxc1 31. Qxh7 Qd1+ 32. Ke3 Qb3+ 33. Qd3
Qxd3+ 34. Kxd3 Rc8 0-1

[Event "Politiken Cup"]
[Site "Copenhagen"]
[Date "2006.07.26"]
[Round "5.1"]
[White "Malakhatko, Vadim"]
[Black "Hoi, Carsten"]
[Result "1/2-1/2"]
[WhiteElo "2594"]
[BlackElo "2386"]
[PlyCount "162"]
[EventDate "2006.??.??"]

1. d4 Nf6 2. c4 g6 3. Nc3 Bg7 4. e4 d6 5. Nf3 O-O 6. Be2 e5 7. O-O Nc6 8. d5
Ne7 9. b4 h6 10. Nd2 Ne8 11. a4 f5 12. a5 c6 13. Bb2 Kh7 14. Ra3 cxd5 15. cxd5
Bd7 16. a6 b6 17. b5 f4 18. Na2 Nc7 19. Rb3 Qe8 20. Nc3 Rd8 21. Ba3 Rf6 22. Qc2
g5 23. Qd1 Rg6 24. Nc4 Nc8 25. Bg4 Rf6 26. Bh5 Qe7 27. Nd2 Ne8 28. Bg4 Rf8 29.
Bxd7 Qxd7 30. Na2 Nf6 31. Nb4 g4 32. Nc6 Rde8 33. Qc2 f3 34. g3 h5 35. h4 gxh3
36. Nxf3 Bh6 37. Re1 Rg8 38. Bc1 Bxc1 39. Qxc1 Qg4 40. Kh1 Ref8 41. Nh4 Qg5 42.
Qxg5 Rxg5 43. Rb2 Rg4 44. f3 Rxg3 45. Rg1 Rxg1+ 46. Kxg1 Kh6 47. Kh2 Nh7 48.
Kxh3 Ng5+ 49. Kg3 Rg8 50. Kh2 Rf8 51. Rb3 Nf7 52. Nf5+ Kg5 53. Ng7 Rg8 54. Ne6+
Kf6 55. Rb1 h4 56. Rc1 Rg3 57. Nb8 Ne7 58. Rc7 Rxf3 59. Nd7+ Kg6 60. Ndf8+ Kf6
61. Nh7+ Kg6 62. Nef8+ Kh5 63. Rxe7 Nh6 64. Kg2 Rg3+ 65. Kf1 h3 66. Nf6+ Kg5
67. Rg7+ Kh4 68. Ng6+ Kg5 69. Nxe5+ Kh4 70. Ng6+ Kg5 71. Ne7+ Kf4 72. Rxg3 Kxg3
73. Kg1 Nf7 74. Nf5+ Kf4 75. Kh2 Ke5 76. Nd7+ Kxe4 77. Ne7 Kd4 78. Nc6+ Kxd5
79. Nxa7 Nd8 80. Nb8 Kc4 81. Nbc6 Ne6 1/2-1/2

[Event "Politiken Cup"]
[Site "Copenhagen"]
[Date "2006.07.26"]
[Round "5.2"]
[White "Rasmussen, Allan Stig"]
[Black "Kristiansen, Jens"]
[Result "1/2-1/2"]
[WhiteElo "2353"]
[BlackElo "2425"]
[PlyCount "47"]
[EventDate "2006.??.??"]

1. e4 g6 2. d4 Bg7 3. Nc3 d6 4. g3 Nc6 5. Be3 e5 6. dxe5 Nxe5 7. h3 Nf6 8. f4
Ned7 9. Bg2 O-O 10. Nge2 Re8 11. O-O a6 12. a4 Rb8 13. Ba7 Ra8 14. Be3 Qe7 15.
f5 d5 16. g4 c6 17. Ng3 Qb4 18. a5 Qxb2 19. Bd4 c5 20. Ra2 Qb4 21. Ra4 Qb2 22.
Ra2 Qb4 23. Ra4 Qb2 24. Ra2 1/2-1/2

[Event "Politiken Cup"]
[Site "Copenhagen"]
[Date "2006.07.26"]
[Round "5.3"]
[White "De Firmian, Nick E"]
[Black "Antonsen, Mikkel"]
[Result "1/2-1/2"]
[WhiteElo "2559"]
[BlackElo "2380"]
[PlyCount "87"]
[EventDate "2006.??.??"]

1. e4 e6 2. d4 d5 3. Nc3 Bb4 4. e5 c5 5. a3 Bxc3+ 6. bxc3 Ne7 7. Nf3 Bd7 8. Bd3
Ba4 9. Rb1 Qc7 10. O-O Nd7 11. Re1 h6 12. Be3 c4 13. Bf1 O-O-O 14. g3 Kb8 15.
h4 Rc8 16. h5 Qa5 17. Bd2 Rc6 18. Nh4 Rb6 19. Rb4 Nc6 20. Qg4 Rg8 21. Rc1 Ne7
22. Bh3 Bc6 23. Qd1 Ra6 24. Ra1 Qd8 25. Kh2 Ba4 26. Rab1 Bc6 27. Qc1 Ka8 28.
Ng2 Nb6 29. Ne3 Bd7 30. Ra1 Qc8 31. Qd1 Na4 32. Qf3 Rf8 33. Qg4 Rg8 34. f4 Nf5
35. Ng2 Nb6 36. Qf3 g6 37. Be1 Ng7 38. g4 gxh5 39. gxh5 Nf5 40. Bxf5 exf5 41.
Bh4 Be6 42. Ne3 Na4 43. Ng2 Nb6 44. Ne3 1/2-1/2

[Event "Politiken Cup"]
[Site "Copenhagen"]
[Date "2006.07.26"]
[Round "5.4"]
[White "Karlsson, Lars"]
[Black "Brinck-Claussen, Bjorn"]
[Result "1-0"]
[WhiteElo "2506"]
[BlackElo "2358"]
[PlyCount "63"]
[EventDate "2006.??.??"]

1. b3 e5 2. Bb2 Nc6 3. c4 Nf6 4. e3 d5 5. cxd5 Nxd5 6. a3 Bd6 7. Qc2 Qe7 8. Bc4
Nb6 9. Be2 O-O 10. d3 f5 11. Nd2 Bd7 12. Ngf3 Rae8 13. O-O e4 14. Nd4 Nxd4 15.
Bxd4 c5 16. Bb2 Bc6 17. dxe4 fxe4 18. Nc4 Nxc4 19. Bxc4+ Kh8 20. Rfd1 Bc7 21.
Rd2 Qg5 22. Rad1 Rf5 23. g3 h5 24. Rd7 Be5 25. h4 Qg4 26. Rd8 Bxg3 27. fxg3
Rxd8 28. Rxd8+ Kh7 29. Kh2 Rf3 30. Be5 Rxe3 31. Qd2 Qf3 32. Rh8+ 1-0

[Event "Politiken Cup"]
[Site "Copenhagen"]
[Date "2006.07.26"]
[Round "5.5"]
[White "Negi, Parimarjan"]
[Black "Tallaksen, Geir S"]
[Result "1-0"]
[WhiteElo "2480"]
[BlackElo "2356"]
[PlyCount "149"]
[EventDate "2006.??.??"]

1. e4 e5 2. Nf3 Nc6 3. Bb5 a6 4. Ba4 Nf6 5. O-O Be7 6. Re1 b5 7. Bb3 d6 8. c3
O-O 9. h3 Nb8 10. d4 Nbd7 11. Nh4 Nxe4 12. Nf5 Nef6 13. Qf3 e4 14. Qg3 g6 15.
Nxe7+ Qxe7 16. Bg5 Re8 17. Nd2 Bb7 18. f3 e3 19. Nf1 e2 20. Ne3 Nh5 21. Qg4
Nhf6 22. Qh4 Qf8 23. Rxe2 Qg7 24. Rae1 h6 25. Bxf6 Qxf6 26. Qxf6 Nxf6 27. Ng4
Rxe2 28. Nxf6+ Kg7 29. Nh5+ gxh5 30. Rxe2 Kf6 31. h4 Rg8 32. Kf2 Bc6 33. c4 b4
34. c5 Bb5 35. Re4 Rf8 36. Rf4+ Kg6 37. Bc2+ Kg7 38. cxd6 cxd6 39. Rf5 Rc8 40.
Be4 Bc4 41. b3 Be6 42. Ra5 Rc3 43. Rxa6 d5 44. Bb1 Rc1 45. Bd3 Rd1 46. Ke3 Rg1
47. f4 Bg4 48. f5 f6 49. Rd6 Rxg2 50. Rxd5 Rxa2 51. Rd7+ Kf8 52. d5 Rh2 53. Rb7
Rh3+ 54. Kd4 Rxh4 55. Kc5 Rh3 56. Bc4 Rf3 57. Rb8+ Kg7 58. d6 Bxf5 59. Rb7+ Kg6
60. d7 Bxd7 61. Rxd7 h4 62. Kxb4 h3 63. Kc5 Kg5 64. b4 h2 65. Rd1 Kh4 66. b5
Rf2 67. b6 Rb2 68. Bd5 f5 69. b7 f4 70. Bc6 Kg3 71. Bb5 Rd2 72. Rxd2 h1=Q 73.
Rd3+ Kf2 74. b8=Q Qc1+ 75. Kb6 1-0

[Event "Politiken Cup"]
[Site "Copenhagen"]
[Date "2006.07.26"]
[Round "5.6"]
[White "Lund, Esben"]
[Black "Howell, David WL"]
[Result "1/2-1/2"]
[WhiteElo "2296"]
[BlackElo "2479"]
[PlyCount "62"]
[EventDate "2006.??.??"]

1. Nf3 Nf6 2. c4 g6 3. Nc3 d5 4. cxd5 Nxd5 5. e4 Nxc3 6. dxc3 Qxd1+ 7. Kxd1 Nd7
8. Bc4 f6 9. Be3 e5 10. Nd2 a5 11. a4 Bc5 12. Ke2 Ke7 13. h4 Bxe3 14. Kxe3 f5
15. exf5 gxf5 16. f4 e4 17. g4 fxg4 18. Nxe4 Nf6 19. Ng3 Be6 20. Bxe6 Kxe6 21.
f5+ Kf7 22. Rad1 Rhe8+ 23. Kf4 c6 24. Rd4 Nd5+ 25. Kxg4 Re3 26. Ne4 h5+ 27. Kg5
Rg8+ 28. Kh6 Rh8+ 29. Kg5 Rg8+ 30. Kh6 Rh8+ 31. Kg5 Rg8+ 1/2-1/2

[Event "Politiken Cup"]
[Site "Copenhagen"]
[Date "2006.07.26"]
[Round "5.7"]
[White "Rasmussen, Karsten"]
[Black "Zozulia, Anna"]
[Result "1-0"]
[WhiteElo "2467"]
[BlackElo "2352"]
[PlyCount "75"]
[EventDate "2006.??.??"]

1. Nf3 g6 2. g3 Bg7 3. Bg2 d6 4. O-O e5 5. d4 exd4 6. Nxd4 Ne7 7. c4 Nbc6 8.
Nxc6 Nxc6 9. Nc3 O-O 10. Qd2 a5 11. b3 a4 12. Rb1 axb3 13. axb3 Bf5 14. e4 Be6
15. Nb5 Qd7 16. Bb2 Ra2 17. Nc3 Ra6 18. Nd5 Ra2 19. Nc3 Ra6 20. Nd1 Ra2 21. Qe3
Bxb2 22. Rxb2 Rfa8 23. Rxa2 Rxa2 24. Nc3 Ra3 25. Nb5 Ra2 26. Qc3 Bh3 27. Ra1
Rxa1+ 28. Qxa1 Bxg2 29. Kxg2 Qe7 30. f3 Qd8 31. Qd1 h5 32. Qd2 Qe7 33. Nc3 Qe5
34. Nd5 Nd4 35. Nxc7 Nxb3 36. Qd5 Nc5 37. Nb5 Nd3 38. Qxd3 1-0

[Event "Politiken Cup"]
[Site "Copenhagen"]
[Date "2006.07.26"]
[Round "5.8"]
[White "Boros, Denes"]
[Black "Adamski, Jan"]
[Result "0-1"]
[WhiteElo "2462"]
[BlackElo "2348"]
[PlyCount "106"]
[EventDate "2006.??.??"]

1. e4 c5 2. Nf3 e6 3. d4 cxd4 4. Nxd4 a6 5. Nc3 b5 6. Bd3 d6 7. O-O Nf6 8. Qe2
Nbd7 9. a4 bxa4 10. Nxa4 Bb7 11. f4 Qc7 12. Bd2 Be7 13. b4 O-O 14. c4 Rfe8 15.
Nb3 Nb6 16. e5 dxe5 17. fxe5 Nfd7 18. Nxb6 Qxb6+ 19. c5 Qc7 20. Na5 Nxe5 21.
Bf4 f6 22. Qc2 h6 23. Bh7+ Kh8 24. Bxe5 fxe5 25. Bg6 Rec8 26. Nxb7 Qxb7 27. Be4
Qxb4 28. Bxa8 Qxc5+ 29. Qf2 Rxa8 30. Rfc1 Qd4 31. Rd1 Bc5 32. Rxd4 Bxd4 33. Kf1
Bxf2 34. Kxf2 a5 35. Ra4 Kg8 36. Ke3 Kf7 37. Ke4 Kf6 38. g3 h5 39. h3 Ra7 40.
g4 hxg4 41. hxg4 Ra8 42. Ke3 Ke7 43. Ke4 Kd6 44. g5 g6 45. Ra2 a4 46. Ra1 Ra5
47. Ra2 Rd5 48. Rb2 Rd4+ 49. Ke3 Kc5 50. Rb8 a3 51. Ra8 Kb4 52. Rb8+ Kc3 53.
Ra8 Kb3 0-1

[Event "Politiken Cup"]
[Site "Copenhagen"]
[Date "2006.07.26"]
[Round "5.9"]
[White "Aagaard, Jacob"]
[Black "Rasmussen, Casper"]
[Result "1/2-1/2"]
[WhiteElo "2457"]
[BlackElo "2290"]
[PlyCount "119"]
[EventDate "2006.??.??"]

1. e4 e5 2. Nf3 Nf6 3. Nxe5 d6 4. Nf3 Nxe4 5. d4 d5 6. Bd3 Be7 7. O-O Nc6 8. c4
Nb4 9. Be2 O-O 10. Nc3 Bf5 11. a3 Nxc3 12. bxc3 Nc6 13. cxd5 Qxd5 14. Re1 Rfe8
15. Bf4 Rac8 16. Bd3 Qd7 17. Rb1 Bxd3 18. Qxd3 b6 19. d5 Bf6 20. c4 h6 21. h3
Ne7 22. Ne5 Bxe5 23. Bxe5 Ng6 24. Bg3 h5 25. f3 Re7 26. h4 Rce8 27. Rxe7 Qxe7
28. Qd4 Qd7 29. c5 Ne7 30. Re1 Rd8 31. d6 Nf5 32. Qf4 Nxg3 33. Qxg3 cxd6 34.
cxd6 Qxd6 35. Re8+ Kh7 36. Qxd6 Rxd6 37. Re7 a6 38. Ra7 b5 39. Kf2 Kg6 40. Ke3
Kf6 41. Ke4 Ke6 42. g4 Rc6 43. Kd3 g6 44. Kd2 hxg4 45. fxg4 f5 46. h5 gxh5 47.
gxh5 Ke5 48. Ke2 Kf4 49. Rg7 Ke5 50. Rh7 Rc2+ 51. Kf1 Ra2 52. Ra7 Rxa3 53. Kg2
Ra2+ 54. Kh3 Ra1 55. Kg2 f4 56. h6 f3+ 57. Kxf3 Rh1 58. Rxa6 Kd4 59. Kf4 b4 60.
Kg5 1/2-1/2

[Event "Politiken Cup"]
[Site "Copenhagen"]
[Date "2006.07.26"]
[Round "5.10"]
[White "Andersen, Dan"]
[Black "Tjiam, Dharma"]
[Result "1-0"]
[WhiteElo "2278"]
[BlackElo "2391"]
[PlyCount "77"]
[EventDate "2006.??.??"]

1. d4 Nf6 2. c4 e6 3. Nf3 d5 4. Nc3 Be7 5. Bg5 h6 6. Bh4 O-O 7. e3 b6 8. cxd5
Nxd5 9. Bxe7 Qxe7 10. Nxd5 exd5 11. Rc1 Be6 12. Bd3 c5 13. O-O Nd7 14. h3 Rfd8
15. b3 a5 16. Bb5 Rac8 17. Qd2 Nf6 18. Ne5 Ne4 19. Qb2 Qd6 20. Ba6 Rc7 21. Rfd1
f6 22. Nd3 Bf7 23. Nf4 c4 24. bxc4 dxc4 25. Qb1 Ng5 26. d5 b5 27. Bxb5 c3 28.
Bd3 Rc5 29. h4 Rb8 30. Qa1 Nh7 31. Rxc3 Nf8 32. Rxc5 Qxc5 33. Bf5 Qa3 34. Rd2
Qb4 35. Qd4 Qd6 36. Rc2 Rb1+ 37. Kh2 Rb4 38. Qc5 Qe5 39. d6 1-0

[Event "Politiken Cup"]
[Site "Copenhagen"]
[Date "2006.07.26"]
[Round "5.11"]
[White "Jakobsen, Ole"]
[Black "De Haan, Eric"]
[Result "1/2-1/2"]
[WhiteElo "2387"]
[BlackElo "2295"]
[PlyCount "89"]
[EventDate "2006.??.??"]

1. d4 Nf6 2. c4 e6 3. Nf3 c5 4. d5 d6 5. Nc3 exd5 6. cxd5 g6 7. e4 a6 8. a4 Bg4
9. Be2 Bg7 10. O-O O-O 11. Nd2 Bxe2 12. Qxe2 Nbd7 13. Nc4 Nb6 14. Ne3 Re8 15.
a5 Nbd7 16. Nc4 Qe7 17. Be3 Ne5 18. Nb6 Rad8 19. f3 Ned7 20. Nc4 Ne5 21. Nd2
Rb8 22. Rfb1 Ned7 23. Kh1 Nh5 24. g4 Nhf6 25. Rg1 b5 26. axb6 Nxb6 27. Rge1 h5
28. g5 Nh7 29. Qg2 Nd7 30. Nc4 Ne5 31. Nxe5 Bxe5 32. Rxa6 Qb7 33. Ra2 Qb3 34.
Qd2 Rb4 35. Rea1 Reb8 36. Bf4 Bxf4 37. Qxf4 R4b6 38. Qd2 Nf8 39. Qe2 Nd7 40.
Nd1 Ne5 41. Ra3 Qc4 42. Qxc4 Nxc4 43. Ra8 Rxa8 44. Rxa8+ Kg7 45. Ra1 1/2-1/2

[Event "Politiken Cup"]
[Site "Copenhagen"]
[Date "2006.07.26"]
[Round "5.12"]
[White "Short, Nigel D"]
[Black "Jaeger, Frode Bull"]
[Result "1-0"]
[WhiteElo "2676"]
[BlackElo "2104"]
[PlyCount "61"]
[EventDate "2006.??.??"]

1. e4 e5 2. Nf3 Nc6 3. Bc4 Nf6 4. Ng5 d5 5. exd5 b5 6. Bf1 Nd4 7. c3 Nxd5 8.
Nxf7 Kxf7 9. cxd4 exd4 10. Bxb5 Qe7+ 11. Kf1 Nf6 12. d3 Bb7 13. Bg5 h6 14. Bc4+
Kg6 15. Bxf6 Qxf6 16. Nd2 Bd6 17. Qg4+ Qg5 18. h3 Rae8 19. Ne4 Qxg4 20. hxg4
Bxe4 21. dxe4 Kf6 22. Re1 g6 23. g3 g5 24. Kg2 Kg7 25. Re2 Rhf8 26. Rc1 Bc5 27.
e5 Bb6 28. Rf1 Re7 29. f4 Rfe8 30. Re4 c5 31. Bb5 1-0

[Event "Politiken Cup"]
[Site "Copenhagen"]
[Date "2006.07.26"]
[Round "5.13"]
[White "Skovgaard, Peter"]
[Black "Hansen, Curt"]
[Result "0-1"]
[WhiteElo "2235"]
[BlackElo "2625"]
[PlyCount "72"]
[EventDate "2006.??.??"]

1. c4 e5 2. Nc3 Nc6 3. g3 g6 4. Bg2 Bg7 5. e3 d6 6. Nge2 h5 7. h4 Nge7 8. Rb1
Bg4 9. b4 a6 10. d3 O-O 11. Bd2 Qc8 12. Nd5 Nxd5 13. cxd5 Ne7 14. O-O c6 15.
dxc6 bxc6 16. a4 Qd7 17. b5 axb5 18. axb5 d5 19. Bb4 cxb5 20. Bxe7 Qxe7 21.
Bxd5 Rab8 22. Qc2 Rfd8 23. Bg2 b4 24. Nc1 Qd6 25. Re1 Be6 26. Qb2 b3 27. Re2
Rdc8 28. Qd2 Bg4 29. f3 Be6 30. Qe1 e4 31. d4 Qa3 32. Reb2 exf3 33. Bf1 Bd5 34.
Qd1 Re8 35. Nd3 Rxe3 36. Nf4 Be4 0-1

[Event "Politiken Cup"]
[Site "Copenhagen"]
[Date "2006.07.26"]
[Round "5.15"]
[White "Christensen, Bo Garner"]
[Black "Hector, Jonny"]
[Result "0-1"]
[WhiteElo "2247"]
[BlackElo "2508"]
[PlyCount "58"]
[EventDate "2006.??.??"]

1. c4 e5 2. Nc3 Nf6 3. Nf3 Nc6 4. g3 Nd4 5. Bg2 Nxf3+ 6. Bxf3 Bb4 7. O-O O-O 8.
d4 Bxc3 9. bxc3 e4 10. Bg2 h6 11. f3 Qe7 12. fxe4 Nxe4 13. Qc2 Re8 14. Rf4 Nf6
15. e4 d6 16. Bd2 Be6 17. d5 Bd7 18. Raf1 Ng4 19. Qd1 Ne5 20. Qe2 f6 21. Rh4
Rf8 22. Bh3 Bxh3 23. Rxh3 Rae8 24. Bxh6 gxh6 25. Rxh6 Kg7 26. Rh4 Rh8 27. Rhf4
Rh6 28. h4 Rg8 29. h5 Kh8 0-1

[Event "Politiken Cup"]
[Site "Copenhagen"]
[Date "2006.07.26"]
[Round "5.16"]
[White "Molvig, Henrik"]
[Black "Brynell, Stellan"]
[Result "0-1"]
[WhiteElo "2218"]
[BlackElo "2497"]
[PlyCount "68"]
[EventDate "2006.??.??"]

1. d4 e6 2. c4 Nf6 3. Nf3 b6 4. g3 Ba6 5. b3 Bb7 6. Bg2 Bb4+ 7. Bd2 a5 8. O-O
O-O 9. Qc2 d6 10. Nc3 Nbd7 11. Rfe1 Bxc3 12. Bxc3 Be4 13. Qc1 h6 14. Bf1 c5 15.
Nd2 Bc6 16. e4 cxd4 17. Bxd4 e5 18. Bb2 Nc5 19. Qc2 Qb8 20. Rad1 Qb7 21. f3
Rad8 22. Bg2 Nh7 23. Nb1 f5 24. exf5 Bxf3 25. Bxf3 Qxf3 26. Rf1 Qh5 27. Bc1 e4
28. Be3 Ng5 29. Nd2 Rde8 30. Bxg5 Qxg5 31. Rf4 Qh5 32. g4 Qh3 33. Rdf1 Qe3+ 34.
Kh1 Nd3 0-1

[Event "Politiken Cup"]
[Site "Copenhagen"]
[Date "2006.07.26"]
[Round "5.17"]
[White "Degtiarev, Evgeny"]
[Black "Schultz-Pedersen, Jesper"]
[Result "1-0"]
[WhiteElo "2378"]
[BlackElo "2203"]
[PlyCount "81"]
[EventDate "2006.??.??"]

1. d4 d5 2. c4 e5 3. dxe5 d4 4. Nf3 Nc6 5. a3 a5 6. g3 Bc5 7. Bg2 Nge7 8. O-O
O-O 9. Nbd2 Ra6 10. Nb3 Ba7 11. c5 Nf5 12. g4 Nh4 13. Nxh4 Qxh4 14. h3 Rd8 15.
Nd2 Nxe5 16. Ne4 Rg6 17. Bf4 Qe7 18. b4 f5 19. gxf5 Bxf5 20. Ng3 Bc8 21. Qb3+
Kh8 22. Rad1 b6 23. e3 bxc5 24. exd4 cxd4 25. Rde1 Re6 26. Ne4 h6 27. Rc1 Rf8
28. Bg3 axb4 29. axb4 Bb6 30. Nc5 d3 31. Nxe6 Bxe6 32. Qd1 Qg5 33. Kh2 d2 34.
Rc3 Nc4 35. Qe2 Bg8 36. Rd1 Rd8 37. Rxc4 Bxc4 38. Qxc4 Qe7 39. Qe4 Qf7 40. Qe2
Qb3 41. Rxd2 1-0

[Event "Politiken Cup"]
[Site "Copenhagen"]
[Date "2006.07.26"]
[Round "5.18"]
[White "Romsdal, Trond"]
[Black "Bromann, Thorbjorn"]
[Result "0-1"]
[WhiteElo "2215"]
[BlackElo "2364"]
[PlyCount "62"]
[EventDate "2006.??.??"]

1. d4 c5 2. dxc5 e6 3. Nf3 Bxc5 4. c4 Nf6 5. Nc3 O-O 6. e3 b6 7. Be2 Bb7 8. O-O
d5 9. cxd5 Nxd5 10. Nxd5 Bxd5 11. Bd2 Qe7 12. Bc3 Nd7 13. Qa4 Nf6 14. Rac1 Ne4
15. Bd4 Bd6 16. Be5 Rfd8 17. Bxd6 Rxd6 18. Rfd1 Rad8 19. Rd4 Nc5 20. Qc2 e5 21.
Rdd1 Be4 22. Qc4 Bd3 23. Bxd3 Nxd3 24. Rxd3 Rxd3 25. h3 Rd1+ 26. Rxd1 Rxd1+ 27.
Kh2 Rd8 28. Qe4 f6 29. Nd4 Qb4 30. a3 Qc4 31. b3 Qd5 0-1

[Event "Politiken Cup"]
[Site "Copenhagen"]
[Date "2006.07.26"]
[Round "5.19"]
[White "Matthiesen, Arne"]
[Black "Dalberg, Preben"]
[Result "1-0"]
[WhiteElo "2358"]
[BlackElo "2190"]
[PlyCount "89"]
[EventDate "2006.??.??"]

1. d4 d5 2. c4 Nc6 3. Nc3 dxc4 4. Nf3 Nf6 5. Bg5 h6 6. Bxf6 exf6 7. e3 Bd6 8.
Bxc4 O-O 9. O-O a6 10. Rc1 f5 11. Re1 Qf6 12. g3 Qd8 13. Bf1 Ne7 14. Na4 Nd5
15. Bg2 c6 16. a3 Qe7 17. Nd2 Be6 18. Nc4 Rab8 19. Nxd6 Qxd6 20. Qc2 g6 21. b4
Nf6 22. Qc5 Qd8 23. Qc2 Bd5 24. f3 Re8 25. Nc5 Kg7 26. Qc3 Kh7 27. e4 Be6 28.
Rcd1 Bc8 29. d5 cxd5 30. exd5 b6 31. Rxe8 Nxe8 32. Nb3 Qd6 33. f4 Bd7 34. Nd4
Rc8 35. Qd3 b5 36. Nb3 Rc4 37. Na5 Rc8 38. Qd4 Rc2 39. Nb7 Qe7 40. Qe5 Qf6 41.
d6 Qg7 42. Nc5 Nf6 43. Nxd7 Nxd7 44. Qxg7+ Kxg7 45. Bb7 1-0

[Event "Politiken Cup"]
[Site "Copenhagen"]
[Date "2006.07.26"]
[Round "5.20"]
[White "Carstensen, Jacob"]
[Black "Schou-Moldt, Thomas"]
[Result "0-1"]
[WhiteElo "2326"]
[BlackElo "2184"]
[PlyCount "58"]
[EventDate "2006.??.??"]

1. d4 Nf6 2. c4 d6 3. Nc3 e5 4. Nf3 e4 5. Ng5 Qe7 6. Qc2 Bf5 7. f3 Nc6 8. fxe4
Bg6 9. d5 Nb8 10. Qa4+ Nbd7 11. Nb5 Kd8 12. Be3 Nxe4 13. Nxa7 Rb8 14. Nxe4 Qxe4
15. Qb3 Be7 16. Qd3 Qg4 17. Qd4 Qf5 18. Rc1 Bf6 19. Qd2 Re8 20. Nb5 Bxb2 21.
Qxb2 Rxe3 22. Qxg7 Nc5 23. Rc3 Ne4 24. Rb3 Rxb3 25. axb3 Qf2+ 26. Kd1 Qe3 27.
Qd4 Nf2+ 28. Ke1 Nd3+ 29. Kd1 Qc1# 0-1

[Event "Politiken Cup"]
[Site "Copenhagen"]
[Date "2006.07.26"]
[Round "5.22"]
[White "Hvenekilde, Jorgen"]
[Black "Sylvan, Jacob"]
[Result "1/2-1/2"]
[WhiteElo "2181"]
[BlackElo "2279"]
[PlyCount "66"]
[EventDate "2006.??.??"]

1. d4 g6 2. c4 Bg7 3. Nc3 d6 4. e4 Nf6 5. Nf3 O-O 6. Be2 e5 7. O-O Nc6 8. d5
Ne7 9. Ne1 Ne8 10. Nd3 f5 11. Bd2 Nf6 12. f3 h5 13. Rc1 f4 14. c5 g5 15. b4 Ng6
16. Nf2 Rf7 17. h3 Bf8 18. Nb5 Rg7 19. a4 Kh8 20. Rc3 a6 21. Na3 a5 22. bxa5
dxc5 23. Nc4 Bd6 24. a6 b6 25. a5 Bxa6 26. axb6 cxb6 27. Nxd6 Qxd6 28. Ra3 Rga7
29. Qa1 Bxe2 30. Rxa7 Rxa7 31. Qxa7 Bxf1 32. Kxf1 c4 33. Qf7 Ng8 1/2-1/2

[Event "Politiken Cup"]
[Site "Copenhagen"]
[Date "2006.07.26"]
[Round "5.23"]
[White "Christensen, Stefan"]
[Black "Solberg, Joachim"]
[Result "1-0"]
[WhiteElo "2277"]
[BlackElo "2179"]
[PlyCount "133"]
[EventDate "2006.??.??"]

1. e4 c5 2. c3 d5 3. exd5 Qxd5 4. d4 e6 5. Nf3 Nc6 6. Bd3 cxd4 7. cxd4 Nf6 8.
O-O Be7 9. Nc3 Qd8 10. a3 O-O 11. Re1 b6 12. Bc2 Bb7 13. Qd3 Rc8 14. d5 exd5
15. Bg5 Ne4 16. Nxe4 dxe4 17. Qxe4 g6 18. Bxe7 Qxe7 19. Qxe7 Nxe7 20. Rxe7 Bxf3
21. Bb3 Ba8 22. Rxa7 Rcd8 23. Rd1 Rxd1+ 24. Bxd1 Rd8 25. Bb3 Bd5 26. Bxd5 Rxd5
27. g3 Rd2 28. b4 Kg7 29. Kg2 Ra2 30. b5 h5 31. a4 Kf6 32. Ra6 Ke5 33. Rxb6
Rxa4 34. Rc6 Rb4 35. b6 Kd5 36. Rf6 Ke5 37. Rxf7 Rxb6 38. Kh3 Ke6 39. Rf4 Rb5
40. Rf8 Ke7 41. Rf3 Rb4 42. Rf4 Rb5 43. Re4+ Kf6 44. Kh4 Rf5 45. f4 Ra5 46. Re5
Ra2 47. h3 Rg2 48. Ra5 Rg1 49. Ra2 Rf1 50. Ra6+ Kf7 51. Kg5 Rf3 52. Ra7+ Ke6
53. g4 Rxh3 54. f5+ gxf5 55. gxf5+ Kd6 56. f6 Rh1 57. f7 Rf1 58. Kxh5 Ke6 59.
Kg6 Rg1+ 60. Kh7 Rf1 61. Kg8 Rg1+ 62. Kf8 Kd6 63. Ke8 Re1+ 64. Kd8 Rf1 65. Ra6+
Kd5 66. Ke7 Re1+ 67. Kf6 1-0